000 01684cam a22004934i 4500
003 PE-LiUPU
005 20250731165647.0
008 150616s r 000 0 d
020 _a0664212700
035 _a(Sirsi) i9780664212704
040 _aPE-LiUPU
_bspa
_cPE-LiUPU
_erda
049 _aPRUA
082 0 4 _a264.00321
_bD32
_221
245 0 4 _aThe New Westminster Dictionary of Liturgy and Worship.
264 1 _aPhiladelphia :
_bThe Westminster Press,
_c1986.
300 _a544 páginas ;
_c24 centímetros
336 _atext
_2rdacontent
337 _aunmediated
_2rdamedia
338 _avolume
_2rdacarrier
505 0 _aSignificados de las liturgias.
526 _aSEG44
526 _aSEG26
526 _aP151
526 _aP150
526 _aP149
526 _aP146
526 _aP145
526 _aP126
526 _aP125
526 _aP92
526 _aP75
526 _aP74
526 _aP27
526 _aP15
650 0 4 _aLITURGIA - DICCIONARIOS (A-W).
700 1 _aDavies, John Gordon,
_eeditor.
910 _ajck
_bjvq
_cjck
942 _2ddc
_cBOOK
949 _aRC 264.00321 D32
_wDEWEY
_c1
_i42511
_d2015-10-25
_lCCODEBUL1
_mBUL
_q1
_r0
_sY
_tBOOK
_u2015-6-16
_xTEOLOGIA
_zUNKNOWN
_0COMPRA
_o.CIRCNOTE. No olvidar cambiar la fecha de devolución!!!!!!!
_o.STAFF. Colección General
994 _aC0
_bPEPRU
596 _a1
999 _aRC 264.00321 D32
_wDEWEY
_c60344
_i42511
_d60344
_f2021-11-8
_g6
_lCCODEBUL1
_mBUL
_q2
_r1
_sY
_tBOOK
_u2015-6-16
_xTEOLOGIA
_zUNKNOWN
_0COMPRA
_o.CIRCNOTE. No olvidar cambiar la fecha de devolución!!!!!!!
_o.STAFF. Colección General
980 _81
_gALBERTO SANCHEZ Responsable de Automatización